Dopady zvýšení daňových slev na děti na rozpočty rodin a státu

Analýza dopadov zvýšenia daňových zliav na deti, príjmy štátneho rozpočtu a domácností na príklade Českej republiky.

Na minha lista:
Detalhes bibliográficos
Autor principal: Kalíšková, Klára
Outros Autores: Münich, Daniel
Formato: Capítulo de Livro
Idioma:tcheco
Assuntos:
Tags: Adicionar Tag
Sem tags, seja o primeiro a adicionar uma tag!

MARC

LEADER 00000naa a2200000 4500
001 0211086
005 20231207125910.6
041 0 |a cze 
044 |a CZ 
245 1 0 |a Dopady zvýšení daňových slev na děti na rozpočty rodin a státu  |c Klára Kalíšková, Daniel Münich 
520 |a Analýza dopadov zvýšenia daňových zliav na deti, príjmy štátneho rozpočtu a domácností na príklade Českej republiky. 
610 2 0 |a rozpočet štátny 
610 2 0 |a deti 
610 2 0 |a domácnosti 
610 2 0 |a rodina 
610 2 0 |a Česko 
610 2 0 |a reformy daňové 
100 1 |a Kalíšková, Klára 
700 1 |a Münich, Daniel